| 000 | 00322nam a2200097Ia 4500 | ||
|---|---|---|---|
| 008 | 180309s9999 xx 000 0 und d | ||
| 245 | 4 | _aThe new international webster's pocket computer dictionary of the english language / | |
| 260 |
_aUSA : _b2002 _cTrident Press |
||
| 300 | _a318 pages | ||
| 650 | _aComputers -- Dictionaries | ||
| 999 |
_c356101 _d356101 |
||